000 00638cam a22001695a 4500
001 L156275
008 120510s1868 xxk f 000 0 eng d
035 _a(Sirsi) u156275
041 0 _aeng
245 0 0 _aVilla and cottage architecture
_bselect examples of country and suburban residence recently erected. With a full descriptive notice of each building ...
260 _aLondon
_aGlasgow [etc.]
_bBlackie & Son
_c1868
300 _axii, 112, [2] p.
_bLXXX pl.
_c38 cm.
583 0 _aCondition reviewed
_c20120620
_lcondition level 4, detached boards
651 4 _aGreat Britain
_y1707-
690 _aDesign and specification
942 _n0
999 _c114146
_d114146